[Event "XXVII RUS-chT Premier 2020"]
[Site "Sochi"]
[Date "2020.11.28"]
[Round "9.15"]
[White "Inarkiev, Ernesto"]
[Black "Demidov, Mikhail"]
[Result "1-0"]
[WhiteElo "2661"]
[BlackElo "2526"]
[Annotator "TA"]
[PlyCount "109"]
[EventDate "2020.11.19"]
[EventType "team-tourn"]
[EventCountry "RUS"]
[SourceTitle "playchess.com"]
[Source "ChessBase"]
[SourceQuality "1"]

{[%evp 24,109,34,33,41,28,50,39,29,33,50,62,62,38,46,41,49,38,56,20,24,46,22,0,106,110,94,77,102,45,51,40,47,47,40,40,47,31,20,32,40,40,80,8,47,58,83,75,175,99,224,202,319,318,324,305,417,443,433,400,349,326,328,321,774,321,5703,6070,4781,2575,5081,4385,10829,11316,1564,9956,5604,5480,8010,6637,29960,29960,29964,29965,29963,29957,4618,4618]} 1. e4 Nf6 2. e5 Nd5 3. d4 d6 4. c4 Nb6 5. exd6 exd6 6. Nc3 Be7 7. Nf3 O-O 8. Be2 Bf6 9. O-O Nc6 10. Be3 Bg4 11. b3 d5 12. c5 Nc8 13. h3 Bf5 {B05: Alekhine's Defence: 4 Nf3 Bg4.} 14. Qd2 h6 {[#]} 15. a3 $146 ({Predecessor:} 15. Rad1 N8e7 16. g4 Be4 17. Ne1 b6 18. Na4 Rb8 19. Rc1 b5 20. Nc3 b4 21. Nd1 {½-½ (55) Brynell,S (2452)-Kopylov,M (2472) Germany 2007}) 15... Re8 {White is slightly better.} 16. b4 a6 17. Nh2 N8e7 18. Ng4 Bxg4 19. hxg4 Ng6 20. Rad1 Nf8 21. f4 {g5 is the strong threat.} Ne6 22. Bf3 Bxd4 23. Nxd5 Nxf4 (23... Nxc5 $1 $11 {keeps the balance.} 24. bxc5 (24. Bxd4 Nb3 $11 {[%mdl 64] Double Attack}) 24... Bxe3+ 25. Nxe3 Qxd2 26. Rxd2 Rxe3) 24. Bxd4 $16 Nxd5 25. Qf2 Nf6 (25... Nxd4 $2 26. Rxd4 c6 27. Bxd5 $18) 26. Bxc6 ({White should try} 26. Bc3 $16 Qe7 27. Bxc6 bxc6 28. Bxf6 gxf6 29. Qxf6) 26... bxc6 $14 27. Bxf6 Qxf6 28. Qxf6 gxf6 29. Rxf6 $16 {[%mdl 4096] Endgame Strongly threatening Rd7. KRR-KRR} a5 30. Rd7 axb4 31. axb4 Ra2 32. Rdxf7 Re4 33. Rf4 (33. Rxc7 $16 {Black must now prevent Rd6.} Rxg4 34. Rf2 (34. Rcxc6 Rgxg2+ 35. Kf1 Rh2 $11) (34. Rxh6 Raxg2+ 35. Kh1 Rg1+ 36. Kh2 R1g2+ 37. Kh3 R2g3+ 38. Kh2 Rg2+ 39. Kh3 R2g3+ 40. Kh2 Rg2+ $11) 34... Rxf2 35. Kxf2) 33... Re1+ (33... Rxb4 {keeps more tension.} 34. Rxb4 Kxf7 35. Rb7 Ke6 36. Rxc7 Kd5) 34. Rf1 Re4 35. R7f4 Re6 (35... Rxf4 $16 36. Rxf4 Kg7) 36. R1f2 $18 Ra1+ {Loses the game.} (36... Ra4 $16 {was worth a try.}) 37. Kh2 Rb1 (37... Kg7 {was necessary.} 38. Rf7+ Kg6) 38. Rf6 Re7 39. Rg6+ ({Less strong is} 39. Rxc6 Rxb4 40. Kg3 (40. Rxh6 Rxg4 41. Rhf6 Reg7 $14) 40... Rg7 $16) 39... Kh7 40. Rff6 Rxb4 41. Rxh6+ Kg7 42. Rfg6+ ({Not} 42. Rxc6 Rxg4 43. Rhe6 Rd7 $16) 42... Kf7 43. Rxc6 Rxg4 $2 {[#]} (43... Rc4 44. Rh7+ Kf8 45. Rh8+ (45. Rxc7 Rxh7+ 46. Rxh7 Rxc5 $16) 45... Kg7) 44. Rh7+ Rg7 $2 (44... Ke8 45. Rxe7+ Kxe7 46. Rxc7+ Kd8) 45. Rxg7+ Kxg7 {KR-KR} 46. Kg3 Kf8 47. Kf4 Ke8 48. g4 Kd7 49. Rf6 Re1 50. g5 Ke7 51. Kf5 Rc1 52. Re6+ Kf7 53. g6+ Kf8 54. Rf6+ Kg8 55. Rc6 {Weighted Error Value: White=0.09/Black=0.48} 1-0

[Event "XXVII RUS-chT Premier 2020"]
[Site "Sochi"]
[Date "2020.11.28"]
[Round "9.16"]
[White "Murzin, Volodar"]
[Black "Sarana, Alexey"]
[Result "0-1"]
[WhiteElo "2470"]
[BlackElo "2636"]
[Annotator "TA"]
[PlyCount "86"]
[EventDate "2020.11.19"]
[EventType "team-tourn"]
[EventCountry "RUS"]
[SourceTitle "playchess.com"]
[Source "ChessBase"]
[SourceQuality "1"]

{[%evp 26,86,23,33,33,12,10,13,0,19,35,25,40,0,0,-76,-73,-86,-82,-79,-86,-91,-106,-103,-83,-147,-85,-115,-106,-135,-135,-131,-134,-156,-168,-218,-219,-302,-297,-302,-288,-329,-302,-388,-385,-470,-470,-462,-439,-541,-524,-531,-520,-689,-669,-914,-635,-893,-858,-1970,-1083,-1066,-1034]} 1. e4 c5 2. Nf3 d6 3. d4 cxd4 4. Nxd4 Nf6 5. Nc3 a6 6. Be3 Ng4 7. Bc1 Nf6 8. f3 e5 9. Nb3 Be7 10. Be3 Be6 11. Qd2 Nbd7 12. O-O-O b5 13. g4 Nb6 14. g5 Nh5 {B90: Sicilian Najdorf: Unusual White 6th moves, 6 Be3 Ng4 and 6 Be3 e5.} 15. Na5 {is now debated instead of 15.Nd5.} Qc7 $1 16. Nd5 Nxd5 {The position is equal.} 17. exd5 Bf5 $5 {[%mdl 4] A promising side line.} 18. Nc6 O-O 19. Rg1 f6 {[#]} 20. g6 $146 (20. gxf6 $11 Bxf6 21. Kb1) ({Predecessor:} 20. gxf6 Bxf6 21. Bd3 Bxd3 22. Qxd3 g6 23. c4 Bg7 24. Bg5 Nf4 25. Bxf4 Rxf4 26. cxb5 axb5 {½-½ (54) Szabo,K (2518)-Salgado Lopez,I (2616) Montpellier 2015}) 20... Bxg6 $17 21. Rxg6 hxg6 22. Qg2 {[#]} Kh7 $1 23. Bd3 {[#]} f5 $1 24. Rg1 Rf6 25. Qh3 ({White should try} 25. Bg5) 25... Rh8 (25... Bd8 $142 26. Rxg6 Kxg6 27. Qg4+ Kh7 28. Qxh5+ Kg8 29. Bxf5 Rxf5 30. Qxf5 Qf7) 26. Bg5 Kg8 {And now ...Nf4 would win.} 27. Qg2 Nf4 28. Bxf4 exf4 29. Re1 Bf8 30. b4 Rh5 31. Re8 g5 32. Qe2 {Threatening Bxf5!} Qf7 33. Rc8 Rhh6 34. a4 g4 35. Qg2 Kh8 {Black is clearly winning.} 36. axb5 axb5 37. fxg4 fxg4 38. Qxg4 f3 39. Nd8 Qe8 {Strongly threatening ...Qe5!} 40. Nc6 Qe1+ 41. Kb2 {intending Qe6!} f2 42. Qe6 f1=Q 43. Bxf1 Qxf1 {Weighted Error Value: White=0.56/Black=0.17} 0-1

[Event "XXVII RUS-chT Premier 2020"]
[Site "Sochi"]
[Date "2020.11.28"]
[Round "9.17"]
[White "Popov, Ivan"]
[Black "Belyakov, Bogdan"]
[Result "1-0"]
[WhiteElo "2636"]
[BlackElo "2450"]
[Annotator "TA"]
[PlyCount "111"]
[EventDate "2020.11.19"]
[EventType "team-tourn"]
[EventCountry "RUS"]
[SourceTitle "playchess.com"]
[Source "ChessBase"]
[SourceQuality "1"]

{[%evp 9,111,23,52,25,49,39,46,36,35,29,29,35,41,31,44,24,23,0,7,0,62,39,51,51,71,24,46,33,64,66,62,5,5,13,17,7,6,8,18,31,30,35,31,22,26,38,2,0,33,20,39,31,72,0,0,0,0,0,0,0,97,108,91,-487,0,0,0,0,121,110,126,111,119,106,63,31,88,85,275,0,270,-78,0,0,0,0,398,377,954,935,927,918,855,836,1079,979,29990,29991,29991,29992,29992,29993,29993,29994]} 1. e4 Nc6 2. d4 d5 3. e5 Bf5 4. c3 e6 5. f4 Qh4+ 6. g3 {[#] B00: Queen's Fianchetto Defence, Nimzowitsch Defence.} Qd8 $146 ({Predecessor:} 6... Qh6 7. Be2 Be7 8. Nd2 O-O-O 9. b4 Qg6 10. Bh5 Qh6 11. h4 Bc2 12. Qe2 Bd3 13. Qxd3 Qxh5 {1-0 (37) Tsitsulin,A (2200)-Sedlacek,T (2229) ICCF email 2017}) 7. Nf3 h5 8. h3 {White is slightly better.} Nh6 9. Be3 Be7 10. Nbd2 a6 11. Qe2 Nb8 12. Bg2 Nd7 13. Ng5 c5 14. O-O Qb6 (14... cxd4 $11 15. cxd4 Bg6) 15. b4 $14 (15. Qxh5 Qxb2 16. Rfc1 Bg6 $15) 15... c4 16. Qxh5 O-O-O 17. Qd1 f6 18. Ngf3 fxe5 19. fxe5 Nf7 20. g4 ({White should try} 20. Qe1 $14) 20... Bd3 $11 21. Re1 Rh7 22. Nf1 {[%cal Bd2f1,Bf1g3,Bg3h1,Bh1f2][%mdl 32]} Rdh8 23. Ng3 Qd8 24. Nh1 Be4 25. Nf2 Bxf3 26. Qxf3 Ng5 27. Qe2 Nf8 28. Qc2 Rh6 29. b5 {Threatens to win with bxa6.} a5 $1 30. b6 $36 {[%mdl 2048] White is more active.} Qe8 31. Rab1 (31. Rf1 $16) 31... Ng6 32. Bxg5 Bxg5 33. Bxd5 $1 {[%mdl 64] Deflection} exd5 34. Qf5+ {[%mdl 64] Double Attack} Kb8 (34... Qd7 $1 $11 35. Qxg5 Rf8) 35. Qxg5 $16 Nh4 {Hoping for ...Nf3+.} 36. Re3 $2 {[%mdl 8192]} (36. Qxg7 $2 R8h7 $19) (36. Qe3 $1 $16 {is forced if you want to stay better.} Rf8 37. Rf1) 36... Rg6 $2 (36... Qf8 $1 $19 {Strongly threatening ...Qf3!} 37. e6 Rxe6 $1 {[%mdl 512]}) 37. Qf4 $11 Rf8 38. Qh2 $1 Nf3+ (38... Re6 $11 {keeps the balance.}) 39. Rxf3 $1 $16 Rxf3 40. e6+ $1 Ka8 41. Qg2 Rgf6 42. Re1 Qe7 $1 (42... Rxf2 $2 43. Qxd5 Rxa2 44. e7 $18) 43. Nh1 Rf8 $2 (43... g6 $16 {keeps fighting.}) 44. Re2 $2 (44. Re5 $18) 44... g6 $2 {[%mdl 8192]} (44... Qa3 $11 45. e7 Qc1+ 46. Kh2 Qf4+ 47. Qg3 Re8 48. Qxf4 Rxf4) 45. a4 $2 (45. Re5 $1 $18 {aiming for a4.} Kb8 46. Qe2) 45... Kb8 (45... Rxc3 $2 46. Qxd5 Kb8 47. Qxa5 $18) (45... Qa3 $1 $17 {[%cal Ra3c1] White must now prevent ...Qc1+.} 46. e7 Qc1+ 47. Kh2 Qf4+ 48. Qg3 Re8 49. Qxf4 Rxf4) 46. Qh2+ $11 Kc8 47. Qe5 Rxh3 $2 {[%mdl 8192]} (47... Rd8 $1 $11) 48. Qxd5 $18 {[%mdl 64] Double Attack} Qf6 $2 (48... Rff3 49. Qxa5 Rxh1+ 50. Kg2 (50. Kxh1 Qh4+ {[%mdl 64] Double Attack} 51. Kg1 Qg3+ 52. Rg2 Qe1+ {[%mdl 64] Double Attack} 53. Kh2 Qh4+ 54. Kg1 Qe1+ {[%mdl 64] Double Attack} 55. Kh2 Qh4+ 56. Kg1 Qe1+ $11 {[%mdl 64] Double Attack}) 50... Rh2+ $1 {[%mdl 512]} 51. Kxf3 Qf6+ 52. Ke3 Qxe6+ 53. Qe5 Rxe2+ 54. Kxe2 Qxg4+ 55. Kd2 Qg2+ 56. Qe2 Qc6) 49. Qd7+ ({Stronger than} 49. Nf2 Rg3+ 50. Kf1 Rf3 $14) 49... Kb8 {[#]} 50. Qd6+ $1 ({Wrong is} 50. Nf2 $2 Rg3+ 51. Kf1 Qf3 $19) 50... Ka8 51. Nf2 Rxc3 {[#]} 52. Qd5 $1 {[%mdl 512]} Kb8 53. e7 {White mates.} Re8 54. Re6 Qh8 55. Qd6+ Ka8 56. Re5 {Never resign too early!  Weighted Error Value: White=0.34/Black=0.68} 1-0

[Event "XXVII RUS-chT Premier 2020"]
[Site "Sochi"]
[Date "2020.11.28"]
[Round "9.18"]
[White "Savitskiy, Sergey"]
[Black "Grachev, Boris"]
[Result "0-1"]
[WhiteElo "2451"]
[BlackElo "2612"]
[Annotator "TA"]
[PlyCount "76"]
[EventDate "2020.11.19"]
[EventType "team-tourn"]
[EventCountry "RUS"]
[SourceTitle "playchess.com"]
[Source "ChessBase"]
[SourceQuality "1"]

{[%evp 14,76,29,-79,-78,-84,-91,-104,-115,-112,-90,-71,-60,-52,-58,-74,-77,-70,-79,-69,0,0,0,-19,-18,-109,-102,-122,-88,-170,-163,-154,-150,-140,-138,-140,-137,-140,-106,-91,-51,-78,-84,-95,0,-89,-80,-60,-44,-44,-52,-102,-112,-431,-422,-1097,-1096,-1096,-1096,-1096,-1096,-1096,-1095,-1080,-1079]} 1. e4 e6 2. d4 d5 3. Nc3 Nf6 4. e5 Nfd7 5. f4 c5 6. Nf3 Qb6 7. Be3 a6 8. Qd2 (8. a3 $11) 8... Qxb2 $17 {C11: French: Classical System: 4 e5 and 4 Bg5 dxe4.} 9. Rb1 Qa3 10. f5 Nc6 {Black is better.} 11. Be2 cxd4 ({Of course not} 11... exf5 $6 12. O-O $11) 12. Nxd4 Nxd4 13. Bxd4 Bc5 ({Don't go for} 13... exf5 $2 14. Nxd5 Qxa2 15. Rb3 $18) 14. Rb3 Qa5 15. fxe6 fxe6 {[#]} 16. Rf1 $146 ({Predecessor:} 16. Bh5+ g6 17. Bg4 Bxd4 18. Qxd4 Nc5 19. Rb4 O-O 20. Bf3 Bd7 21. O-O Rac8 22. h4 Rf7 23. h5 Rcf8 24. Re1 Rf4 25. Qxf4 Rxf4 {0-1 (25) Voigt,M (2260)-Gleizerov,E (2540) Hamburg 1995}) 16... Bxd4 (16... Rf8 $15) 17. Qxd4 $11 Qc5 18. Qg4 Qe7 19. Qg3 (19. Qa4 $1 $11) 19... Rf8 $17 20. Rxf8+ Kxf8 21. a3 (21. Na4 $17) 21... Kg8 22. Rb4 Nf8 23. Bd3 Bd7 24. Rxb7 Qxa3 25. Ne2 {[#] Strongly threatening Bxh7+!} Qa5+ 26. Kd1 Rc8 27. Ra7 Qa1+ 28. Kd2 Qa5+ 29. Kd1 $1 Qc5 30. Rxa6 Rb8 {And now ...Rb1+ would win.} 31. Qf4 Rb4 32. Qc1 Qf2 $36 {[%mdl 2048] aiming for ...Rb1! Black has strong initiative.} 33. Qa3 $2 {[%mdl 8192] This costs White the game.} (33. Kd2 $17) 33... Rb1+ $19 {[%cal Bb4b1,Bb1d1,Bd1e1][%mdl 32] Black is clearly winning.} 34. Kd2 (34. Nc1 $142 Qg1+ 35. Kd2 Qxg2+ 36. Be2 Qg5+ {[%mdl 64] Double Attack} 37. Kd1) 34... d4 {[%csl Gd4][%cal Rf2e3]} 35. Bc4 Qe1+ 36. Kd3 Rd1+ 37. Ke4 Qh4+ {[%mdl 64] [#] Double Attack} 38. Nf4 Re1+ {Weighted Error Value: White=0.44/Black=0.12} 0-1

[Event "XXVII RUS-chT Premier 2020"]
[Site "Sochi"]
[Date "2020.11.28"]
[Round "9.19"]
[White "Artemiev, Vladislav"]
[Black "Bykov, Oleg"]
[Result "1-0"]
[WhiteElo "2708"]
[BlackElo "2362"]
[Annotator "TA"]
[PlyCount "85"]
[EventDate "2020.11.19"]
[EventType "team-tourn"]
[EventCountry "RUS"]
[SourceTitle "playchess.com"]
[Source "ChessBase"]
[SourceQuality "1"]

{[%evp 18,85,22,15,21,27,20,0,0,0,15,19,27,22,25,19,37,19,44,56,52,52,115,114,131,121,173,167,170,173,309,314,302,299,277,237,263,265,278,260,262,275,263,254,282,171,445,442,424,420,762,762,762,762,754,761,5081,3332,1507,1025,4954,4818,29985,29986,29986,29974,29972,29974,29960,29954]} 1. Nf3 Nf6 2. g3 g6 3. b3 d6 4. Bb2 e5 5. c4 Bg7 6. d3 O-O 7. Bg2 c5 8. O-O Nc6 9. Nc3 h6 10. Nd2 Be6 {A38: Symmetrical English vs ...g6: 4 Bg2 Bg7 5 Nf3 Nf6.} 11. Nde4 Ne8 {[#]} 12. a3 $146 ({Predecessor:} 12. Nd5 Ne7 13. Nec3 Nxd5 14. Nxd5 Nc7 15. Nc3 Rb8 16. e3 d5 17. Qc2 d4 18. exd4 exd4 {1-0 (76) Maghsoodloo,P (2649)-Hakobyan,A (2554) Manavgat 2018}) 12... f5 {The position is equal.} 13. Nd2 Nf6 14. Nd5 Bf7 15. b4 cxb4 16. Nxb4 Qc7 17. Nd5 Nxd5 18. cxd5 {Strongly threatening Rc1.} Ne7 19. e4 g5 {Black is now going downhill.} (19... b5 $14) 20. a4 $16 Qd7 21. Nc4 f4 (21... Be8 $16) 22. Ba3 $18 Nc8 23. Bf3 h5 (23... Qe7 {was worth a try.} 24. Bg4 Rd8) 24. Bxh5 Bxh5 25. Qxh5 Rf6 26. h3 Nb6 27. Nxd6 ({And not} 27. Qxg5 Nxc4 28. dxc4 Qxh3 $15) 27... Rxd6 28. Bxd6 ({Avoid the trap} 28. Qxg5 $2 {[#]} Qxh3 $1 {[%mdl 512]} 29. Qh4 (29. Bxd6 {leads to mate.} f3 30. Qxg7+ {[%mdl 64] Remove Defender} Kxg7 31. Bf8+ Rxf8 32. Rfe1 Qg2#) 29... Qxh4 $19) 28... Qxd6 29. Qxg5 Rf8 30. Rab1 {aiming for a5.} Rf7 31. Rfc1 Qd7 $2 (31... fxg3 {was called for.} 32. fxg3 Qa3) 32. a5 Nc8 33. a6 bxa6 {[#]} (33... Nd6 $142 34. axb7 Nxb7) 34. Rb8 $1 Rf8 35. gxf4 exf4 36. e5 Ne7 37. Rxf8+ Kxf8 38. Qxf4+ Nf5 39. Rc6 a5 40. e6 {White mates.} Qxd5 41. Qb8+ {[%mdl 64] Double Attack} Ke7 42. Qb7+ Kf6 43. e7+ {Weighted Error Value: White=0.12/Black=0.68} 1-0

[Event "XXVII RUS-chT Premier 2020"]
[Site "Sochi"]
[Date "2020.11.28"]
[Round "9.20"]
[White "Nozdrachev, Leonid"]
[Black "Timofeev, Artyom"]
[Result "0-1"]
[WhiteElo "2391"]
[BlackElo "2585"]
[Annotator "TA"]
[PlyCount "98"]
[EventDate "2020.11.19"]
[EventType "team-tourn"]
[EventCountry "RUS"]
[SourceTitle "playchess.com"]
[Source "ChessBase"]
[SourceQuality "1"]

{[%evp 15,98,18,25,24,29,17,35,32,41,43,31,28,44,44,38,36,48,23,22,0,0,0,0,0,0,0,0,0,0,0,9,0,0,0,0,0,0,-87,-86,-82,-82,-150,-150,-184,-181,-185,-185,-192,-185,-179,-165,-251,-237,-251,-236,-236,-233,-285,-276,-281,-276,-310,-315,-308,-311,-270,-282,-418,-394,-554,-558,-1127,-1084,-1143,-1125,-950,-931,-1293,-1239,-1626,-1384,-1984,-1789,-1697,-1612]} 1. d4 d5 2. c4 e6 3. Nf3 a6 4. cxd5 exd5 5. Nc3 Be7 6. Bf4 Nf6 7. Qc2 O-O 8. e3 Nbd7 {[%cal Bb8d7,Bd7f8,Bf8g6][%mdl 32] [#]} 9. Rd1 $146 {D37: Queen's Gambit Declined: 5 Bf4.} ({Predecessor:} 9. h3 c5 10. a3 Re8 11. dxc5 Nxc5 12. Rd1 Be6 13. Be2 Rc8 14. Qb1 Nce4 15. Nxe4 Nxe4 16. O-O Bf6 {½-½ (25) Dreev,A (2638)-Miladinovic,I (2556) Kragujevac 2015}) 9... Re8 10. h3 Nf8 11. Bd3 {White is slightly better.} Ng6 12. Be5 c6 13. O-O Bd6 14. Bxd6 Qxd6 15. Rfe1 Bd7 16. a3 Re7 17. e4 dxe4 18. Nxe4 Nxe4 19. Bxe4 Rae8 20. Qc5 Qxc5 21. dxc5 Nf4 22. Bc2 Kf8 23. Kf1 ({Not} 23. Bxh7 g6 $17) 23... h6 24. h4 Rxe1+ 25. Nxe1 Be6 26. g3 (26. Rd4 $11 Nd5 27. Nf3) 26... Bc4+ $17 {Black continues to play with concentration.} 27. Kg1 {[#]} Ne6 $1 28. b4 {[#]} ({White should play} 28. Ng2) 28... Nd4 $1 {[%mdl 512]} 29. Bd3 {[#]} (29. Rxd4 Rxe1+) 29... Rxe1+ $1 {[%mdl 576] Decoy} 30. Rxe1 $19 {[%mdl 4096] Endgame KRB-KBN} Nf3+ ({Don't play} 30... Bxd3 31. Rd1 $17) 31. Kh1 {And now Re3 would win.} Bxd3 ({Don't do} 31... Nxe1 32. Bxc4 Nc2 33. Bd3 $15) 32. Rd1 Bb5 33. Rd8+ (33. Kg2 $142 Ne5 34. Rd8+ Ke7 35. Rb8) 33... Ke7 34. Rb8 Nd4 35. Rxb7+ Ke6 36. Rb8 Nc2 37. Re8+ Kf6 38. Kg2 Nxa3 39. Re4 Nc2 40. Rf4+ Ke6 41. Re4+ (41. h5 $142) 41... Kd5 42. Re7 (42. Rg4 $142 g6 43. Rf4) 42... Nxb4 {Black is clearly winning.} 43. Rxf7 a5 {[%cal Ba6a5,Ba5a4,Ba4a3,Ba3a2][%mdl 32]} 44. Rxg7 a4 45. Rd7+ Kxc5 46. Rd1 a3 47. g4 a2 48. h5 Bd3 49. Ra1 Bb1 {Weighted Error Value: White=0.65/Black=0.02} 0-1

[Event "XXVII RUS-chT Premier 2020"]
[Site "Sochi"]
[Date "2020.11.28"]
[Round "9.21"]
[White "Gaifullin, Artur"]
[Black "Smirnov, Timofey"]
[Result "1/2-1/2"]
[WhiteElo "2460"]
[BlackElo "2394"]
[Annotator "TA"]
[PlyCount "95"]
[EventDate "2020.11.19"]
[EventType "team-tourn"]
[EventCountry "RUS"]
[SourceTitle "playchess.com"]
[Source "ChessBase"]
[SourceQuality "1"]

{[%evp 9,95,6,10,16,20,5,7,4,17,17,17,17,12,18,21,16,19,25,23,-17,30,-78,-77,-91,-58,-146,-145,-145,-104,-118,-104,-143,-147,-141,-137,-145,-138,-139,-134,-116,-121,-130,-134,-130,-127,-183,-127,-135,-103,-168,-96,-323,-363,-393,-119,-250,-252,-212,0,0,0,-28,-24,-24,421,415,406,0,0,0,0,0,0,0,0,0,0,0,0,0,0,0,0,0,0,-6,-6,-6]} 1. Nf3 d5 2. c4 c6 3. e3 Bg4 4. Qb3 Qc7 5. Nc3 Bxf3 6. gxf3 {A11: English Opening: 1...c6.} e6 {[#]} 7. f4 $146 ({Predecessor:} 7. d4 Nd7 8. cxd5 exd5 9. e4 Ngf6 10. Be3 Qb6 11. Qc2 Be7 12. Rg1 g6 13. O-O-O {1-0 (42) Vazquez Igarza,R (2572)-Rydl,J (2412) Caleta 2016}) 7... Nf6 8. d4 g6 9. Bd2 Nbd7 10. Rc1 Qb6 11. Qc2 Be7 12. c5 Qc7 13. b4 O-O 14. a4 b6 15. cxb6 (15. a5 $11) 15... axb6 $17 16. Qb3 Qd6 17. b5 ({Better is} 17. Rb1 $15) 17... c5 18. Be2 Ne8 19. O-O Ng7 20. Bg4 cxd4 21. exd4 Qb4 22. Qc2 Qxd4 23. Be3 Qb4 24. Nxd5 exd5 25. Bxd7 d4 (25... Qxa4 $6 26. Bc6 $11) (25... Rxa4 26. Rfd1 $15) 26. Bd2 Qxa4 27. Qc6 (27. Qxa4 $17 Rxa4 28. Bc6) 27... Bc5 ({Black should play} 27... Rfd8 $19 28. Rc4 Qb3 29. Rxd4 Bc5) 28. f5 d3 (28... gxf5 29. Kh1 $18) (28... Nxf5 $2 29. Bxf5 d3 30. Bxd3 $18) 29. Kh1 {[#]} (29. fxg6 $17 hxg6 30. Bc3) 29... Qh4 ({Weaker is} 29... Nxf5 30. Bxf5 Rad8 31. Ra1 $16) (29... Rad8 $1 $19 {White must now prevent ...Qa7.} 30. Bg5 Qd4 31. Bxd8 Rxd8) 30. Rxc5 $2 (30. fxg6 $17 hxg6 31. Rcd1) 30... bxc5 $19 31. b6 Rad8 $2 (31... Ra2 $19 {has better winning chances.} 32. Be3 d2 33. fxg6 hxg6) 32. fxg6 (32. b7 $17 {was the only chance.} Qh3 33. Re1 Nxf5 34. Bc8) 32... hxg6 33. b7 Rxd7 $2 (33... Kh7 $19 {Threatens to win with ...Rb8.} 34. Bc8 Nf5) 34. Qxd7 $11 {And now Rb1 would win.} Qe4+ 35. Kg1 {Strongly threatening Rb1.} Nf5 {( -> ...Qg4+)} 36. f3 Qd4+ $2 {[%mdl 8192]} (36... Qe2 $11 {and Black has nothing to worry.} 37. Rf2 Qe5) 37. Qxd4 $18 Nxd4 {[%mdl 4096] Endgame [#] KRB-KRN} 38. Kf2 $2 (38. Ra1 $1 $18 {[%cal Ra1a8]} Rb8 39. Ra8) 38... Rb8 $1 $11 {[%cal Rb8b7] The position is equal.} 39. Rb1 {Hoping for Bf4.} Ne6 $1 40. Ba5 c4 {next ...Nc5 is good for Black.} 41. Rb5 f6 42. Ke3 Kf7 43. Kd2 Ke8 (43... Nd4 $5 44. Bc7 $8 c3+ 45. Kxd3 c2 46. Kxd4 (46. Bxb8 c1=Q $11) 46... c1=Q 47. Bxb8 Qd2+ 48. Kc5 Qc3+ 49. Kd6 Qd3+ 50. Kc6 Qxf3+ 51. Kc5 Qe3+ 52. Kb4 Qe1+ 53. Kc5 Qe3+ 54. Kc4 Qe6+ 55. Kd4 Qd7+ 56. Kc5 Qf5+ 57. Kb4 Qb1+ 58. Kc5 Qf5+ 59. Kc6 Qe4+ 60. Kc7 Qe7+ 61. Kb6 Qe6+ 62. Ka5 Qa2+ 63. Kb6 Qe6+ 64. Kc5 Qf5+ $11) 44. Kc3 Nd8 $1 45. Bxd8 Kxd8 46. Kxc4 d2 47. Rd5+ {[%mdl 64] Double Attack} Ke7 48. Rxd2 {Weighted Error Value: White=0.40/Black=0.38} 1/2-1/2

[Event "XXVII RUS-chT Premier 2020"]
[Site "Sochi"]
[Date "2020.11.28"]
[Round "9.22"]
[White "Tsoi, Dmitry"]
[Black "Makhmutov, Rail"]
[Result "0-1"]
[WhiteElo "2315"]
[BlackElo "2442"]
[Annotator "TA"]
[PlyCount "78"]
[EventDate "2020.11.19"]
[EventType "team-tourn"]
[EventCountry "RUS"]
[SourceTitle "playchess.com"]
[Source "ChessBase"]
[SourceQuality "1"]

{[%evp 9,78,-39,-43,-61,-56,-64,-36,-36,-29,-50,-47,-55,-42,-53,-66,-57,-59,-65,-41,-48,-55,-60,-62,-81,-44,-129,-109,-122,-118,-334,-340,-309,-293,-279,-280,-279,-119,-219,-226,-1820,-1667,-1468,-514,-513,-509,-501,-500,-1188,-1173,-1430,-1430,-6710,-368,-358,-327,-491,-473,-468,-440,-468,-307,-279,-264,-620,-654,-645,-592,-556,-533,-1863,-429]} 1. f4 Nf6 2. Nf3 d5 3. e3 Bf5 4. d4 e6 5. Bd3 c5 6. c3 {D00: 1 d4 d5: Unusual lines.} Nc6 7. Ne5 Qc7 {[#]} 8. O-O $146 {Black is slightly better.} ({Predecessor:} 8. h3 Be7 9. O-O O-O 10. Be2 Ne4 11. g4 Bg6 12. Nxg6 hxg6 13. Qe1 Qd8 14. g5 {0-1 (21) Stefanetti,M (1873)-Barlocco,C (2129) Corsico 2002}) 8... Bd6 9. Qe2 O-O 10. Nd2 Rab8 11. a3 Ne7 12. g4 Bxd3 13. Nxd3 Ne4 14. Nxe4 dxe4 15. Nf2 f5 16. Qc4 Rf6 17. gxf5 {White is now going downhill.} (17. g5 $1 $15 b5 18. Qa2) 17... b5 $1 $36 {[%cal Rb5c4][%mdl 2048] Keeping White busy.} 18. Qa2 Nxf5 19. Qb1 $2 (19. Kh1 $17) 19... cxd4 $19 20. cxd4 {[#]} Bxf4 $1 {[%mdl 512]} 21. exf4 Rg6+ 22. Kh1 e3 (22... Qc4 $1 $19 {[%cal Rc4f1] is more deadly.} 23. Bd2 (23. Re1 $2 Qb3 $19) 23... e3 24. Bxe3 Nxe3) 23. Ne4 (23. Qe4 $17 Rh6 24. Qg2) 23... Rd8 24. Qd3 $2 (24. Bxe3 Nxe3 25. Rf3) 24... Rxd4 25. Qxb5 h6 (25... Qc8 $142 26. Bxe3 Qa8 $1 {[%mdl 512]} 27. Qe8+ Qxe8 28. Bxd4 Nxd4) 26. Bxe3 Nxe3 27. Rg1 {White wants to mate with Qe8+.} Ng4 ({Not} 27... Rxg1+ 28. Rxg1 Rd8 29. Qe5 $15) 28. h3 (28. Rg2 $142 Rxe4 29. Qh5) 28... Rxe4 29. Raf1 Qd8 {( -> ...Re3)} 30. Rg2 Kh7 $2 (30... Re3 31. Qh5 {[%mdl 64] Pin} Qd3 $1 {[%mdl 512]}) 31. hxg4 Qh4+ 32. Kg1 (32. Rh2 {was the only chance.} Qxg4 33. Qh5) 32... Rxg4 33. Qd3 Rxg2+ 34. Kxg2 {[%mdl 4096] Endgame KQR-KQR} Qg4+ 35. Kh1 Qf5 36. b4 $2 (36. Rf3) 36... e5 {Black is clearly winning.} 37. Kg2 Qg6+ 38. Kh2 exf4 {Strongly threatening ...f3!} 39. Rf2 {[#]} Re3 {Weighted Error Value: White=1.13/Black=0.32} (39... f3 $142 $1 40. Rxf3 (40. Qxf3 Rh4+) 40... Rh4+ 41. Rh3 Qxd3 42. Rxh4 Qe2+ 43. Kg3 g5) 0-1